[Event "Manizales zt U16 integr Centro"]
[Site "Manizales"]
[Date "2014.05.17"]
[Round "4.1"]
[White "Cadavid, Juan Miguel"]
[Black "Sosa Florez, Luis Felipe"]
[Result "1-0"]
[WhiteElo "1909"]
[BlackElo "1750"]
[PlyCount "101"]
[EventDate "2014.05.15"]
[EventType "swiss"]
[EventRounds "6"]
[EventCountry "COL"]
[SourceTitle "EXT 2024"]
[Source "ChessBase"]
[SourceDate "2023.10.10"]
[SourceVersion "1"]
[SourceVersionDate "2023.10.10"]
[SourceQuality "1"]

1. e4 c5 2. c4 Nc6 3. Ne2 d6 4. d4 cxd4 5. Nxd4 Nf6 6. Nc3 Bd7 7. Be2 g6 8. Be3 Bg7 9. 0-0 0-0 10. f3 Nxd4 11. Bxd4 Bc6 12. Qd2 Nd7 13. Be3 b6 14. Rac1 Rc8 15. b4 Qc7 16. Nd5 Bxd5 17. cxd5 Qb7 18. Bb5 Nb8 19. Bd4 Bxd4+ 20. Qxd4 a6 21. Be2 b5 22. f4 Rxc1 23. Rxc1 Rc8 24. Rc3 Nd7 25. Bg4 Rxc3 26. Qxc3 Qb6+ 27. Kf1 Nf6 28. Bf3 Qa7 29. e5 Ne8 30. Ke2 Qb6 31. Qc6 Qxc6 32. dxc6 Nc7 33. Kd3 Kf8 34. Kd4 Ke8 35. g4 Ne6+ 36. Ke4 Kd8 37. exd6 exd6 38. h4 Kc7 39. f5 Nd8 40. Kf4 Nxc6 41. Bd5 Nxb4 42. Bxf7 gxf5 43. Kxf5 Kd7 44. g5 Ke7 45. Bg8 Kf8 46. Bxh7 Kg7 47. Bg6 Nd5 48. Be8 b4 49. h5 Nc3 50. h6+ Kh8 51. g6 1-0

[Event "Manizales zt U16 integr Centro"]
[Site "Manizales"]
[Date "2014.05.16"]
[Round "3.1"]
[White "Diaz Herrera, Leider Andres"]
[Black "Sosa Florez, Luis Felipe"]
[Result "1/2-1/2"]
[WhiteElo "1920"]
[BlackElo "1750"]
[PlyCount "44"]
[EventDate "2014.05.15"]
[EventType "swiss"]
[EventRounds "6"]
[EventCountry "COL"]
[SourceTitle "EXT 2024"]
[Source "ChessBase"]
[SourceDate "2023.10.10"]
[SourceVersion "1"]
[SourceVersionDate "2023.10.10"]
[SourceQuality "1"]

1. d4 d5 2. Bf4 Nf6 3. e3 e6 4. Nf3 Bd6 5. Ne5 Nbd7 6. Nd2 Nf8 7. Bg3 Ng6 8. f4 c5 9. c3 Bd7 10. Bd3 0-0 11. 0-0 Bc6 12. Kh1 Be7 13. Qe2 Rc8 14. Be1 Nd7 15. Rf3 Ndxe5 16. fxe5 f5 17. exf6 Rxf6 18. Rxf6 gxf6 19. Qh5 Be8 20. Bg3 f5 21. Qe2 Bd6 22. Bxd6 Qxd6 1/2-1/2

[Event "COL-ch sf"]
[Site "Medellin"]
[Date "2014.??.??"]
[Round "10"]
[White "Acosta Cruz, Luis Ivan"]
[Black "Sosa Florez, Luis Felipe"]
[Result "1-0"]
[WhiteElo "1835"]
[BlackElo "1758"]
[PlyCount "81"]
[EventDate "2014.04.15"]
[EventType "swiss"]
[EventRounds "11"]
[EventCountry "COL"]
[SourceTitle "CBM 160 Extra"]
[Source "ChessBase"]
[SourceDate "2014.07.01"]
[SourceVersion "1"]
[SourceVersionDate "2014.07.01"]
[SourceQuality "1"]

1. c4 c6 2. Nc3 d5 3. d4 e6 4. e3 Nf6 5. Bd3 Nbd7 6. Qc2 Be7 7. Nf3 dxc4 8. Bxc4 b5 9. Bd3 Bb7 10. e4 h6 11. e5 Nd5 12. a3 N7b6 13. Ne4 Qc7 14. Bd2 a6 15. b4 Nd7 16. 0-0 0-0 17. Rfc1 Rfc8 18. Qb2 Qb6 19. Rc2 Nf8 20. Qc1 Qd8 21. Bxh6 gxh6 22. Qxh6 Ng6 23. Neg5 Bxg5 24. Nxg5 Qe7 25. h4 Ndf4 26. Bxg6 fxg6 27. g3 Re8 28. gxf4 Qg7 29. Qxg7+ Kxg7 30. Kh2 Rad8 31. Rd1 Ba8 32. Ne4 Rf8 33. Kg3 Rd7 34. f3 Rdf7 35. Nf6 Rd8 36. Rh2 Rh8 37. h5 gxh5 38. Rdh1 Kf8 39. Rxh5 Rxh5 40. Rxh5 Rg7+ 41. Rg5 1-0

[Event "Bogota IRT Menor U2100 op"]
[Site "Bogota"]
[Date "2013.12.20"]
[Round "8.10"]
[White "Sosa Florez, Luis Felipe"]
[Black "Tamayo Rodriguez, German"]
[Result "1-0"]
[WhiteElo "1752"]
[BlackElo "1803"]
[PlyCount "67"]
[EventDate "2013.12.18"]
[EventType "swiss"]
[EventRounds "9"]
[EventCountry "COL"]
[SourceTitle "EXT 2024"]
[Source "ChessBase"]
[SourceDate "2023.10.10"]
[SourceVersion "1"]
[SourceVersionDate "2023.10.10"]
[SourceQuality "1"]

1. d4 g6 2. Nf3 Bg7 3. g3 Nf6 4. Bg2 0-0 5. 0-0 d5 6. Nbd2 Nc6 7. Nb3 a5 8. c3 a4 9. Nc5 a3 10. b4 b6 11. Nd3 Ne4 12. Qc2 e6 13. Nd2 f5 14. e3 Bb7 15. Rb1 Na7 16. b5 c6 17. Nxe4 fxe4 18. Nf4 Re8 19. bxc6 Nxc6 20. Rb3 Na5 21. Rxa3 e5 22. dxe5 Bxe5 23. Rd1 Rc8 24. Bh3 Rc5 25. Ne6 Rxe6 26. Bxe6+ Kg7 27. Bb2 Nc4 28. Ra4 Nxb2 29. Qxb2 Bxc3 30. Qb3 Kf6 31. Rxe4 d4 32. Rf4+ Kg5 33. exd4 Bd5 34. Bxd5 1-0

[Event "COL-ch"]
[Site "Ibague"]
[Date "2013.07.05"]
[Round "8"]
[White "Sosa Florez, Luis Felipe"]
[Black "Leal Cortes, Diego Fernando"]
[Result "0-1"]
[WhiteElo "1738"]
[BlackElo "1901"]
[PlyCount "68"]
[EventDate "2013.07.01"]
[EventType "swiss"]
[EventRounds "11"]
[EventCountry "COL"]
[SourceTitle "EXT 2014"]
[Source "ChessBase"]
[SourceDate "2013.11.20"]
[SourceVersion "1"]
[SourceVersionDate "2013.11.20"]
[SourceQuality "1"]

1. d4 Nf6 2. Nf3 e6 3. e3 d5 4. c4 c6 5. Nc3 Nbd7 6. a3 Bd6 7. Bd3 0-0 8. 0-0 dxc4 9. Bxc4 e5 10. e4 exd4 11. Nxd4 Ne5 12. Be2 Bg4 13. Bg5 Bxe2 14. Qxe2 h6 15. Bh4 Ng6 16. Bxf6 Qxf6 17. Rad1 Nf4 18. Qg4 g6 19. Nf3 h5 20. Qh4 Qxh4 21. Nxh4 Be5 22. Rd7 Bxc3 23. bxc3 Ne2+ 24. Kh1 Nxc3 25. Rxb7 Nxe4 26. f3 Nd6 27. Rd7 Rad8 28. Rxd8 Rxd8 29. f4 c5 30. Nf3 c4 31. Rc1 Ne4 32. g3 c3 33. Ne1 Rd2 34. Kg1 Ra2 0-1

[Event "COL-ch"]
[Site "Ibague"]
[Date "2013.07.02"]
[Round "3"]
[White "Marin, Diego Alejandro"]
[Black "Sosa Florez, Luis Felipe"]
[Result "1-0"]
[WhiteElo "1923"]
[BlackElo "1738"]
[PlyCount "49"]
[EventDate "2013.07.01"]
[EventType "swiss"]
[EventRounds "11"]
[EventCountry "COL"]
[SourceTitle "EXT 2014"]
[Source "ChessBase"]
[SourceDate "2013.11.20"]
[SourceVersion "1"]
[SourceVersionDate "2013.11.20"]
[SourceQuality "1"]

1. e4 c5 2. Nf3 d6 3. d4 cxd4 4. Nxd4 Nf6 5. f3 a6 6. c4 e5 7. Nc2 Nc6 8. Be3 Be6 9. Nc3 Be7 10. Qd2 b6 11. Be2 Nd7 12. 0-0 0-0 13. Rac1 Qb8 14. Rfd1 Rc8 15. b3 Nc5 16. Nd5 Bxd5 17. cxd5 Nd8 18. Nb4 a5 19. Nd3 Ndb7 20. Nb2 Nd8 21. Bb5 Ra7 22. Rc3 Rac7 23. Rdc1 h6 24. Nc4 Kh7 25. a3 1-0

[Event "Central Region-ch U16"]
[Site "Ibague"]
[Date "2013.04.06"]
[Round "5.4"]
[White "Barbon, Carlos Felipe"]
[Black "Sosa Florez, Luis Felipe"]
[Result "1/2-1/2"]
[WhiteElo "1769"]
[BlackElo "1741"]
[PlyCount "90"]
[EventDate "2013.04.04"]
[EventType "swiss"]
[EventRounds "6"]
[EventCountry "COL"]
[SourceTitle "EXT 2024"]
[Source "ChessBase"]
[SourceDate "2023.10.10"]
[SourceVersion "1"]
[SourceVersionDate "2023.10.10"]
[SourceQuality "1"]

1. e4 c5 2. c3 d6 3. Bb5+ Bd7 4. Bxd7+ Qxd7 5. Nf3 Nc6 6. 0-0 e6 7. d4 cxd4 8. cxd4 Be7 9. Nc3 Nf6 10. Be3 0-0 11. h3 h6 12. e5 dxe5 13. dxe5 Nd5 14. a3 Rfd8 15. Bd2 a6 16. Rc1 Rac8 17. Qe2 Nxc3 18. Bxc3 Qd3 19. Rfe1 Bc5 20. Rc2 Qxe2 21. Rexe2 Rd1+ 22. Re1 Rcd8 23. Kf1 Kh7 24. Rxd1 Rxd1+ 25. Ke2 Rd5 26. Rd2 Rxd2+ 27. Nxd2 Nd4+ 28. Kd3 Nb5 29. Ne4 Be7 30. f4 Kg6 31. Bd2 f5 32. Nc3 Nxc3 33. Bxc3 Kh5 34. Ke3 g5 35. Kf3 Kg6 36. g3 Kh5 37. fxg5 hxg5 38. b4 b5 39. Ke3 Bd8 40. Bd4 Kg6 41. Kf3 Kf7 42. g4 fxg4+ 43. hxg4 Ke8 44. Ke4 Kd7 45. Bc5 Be7 1/2-1/2

[Event "COL-ch Amateur"]
[Site "San Andres Islas"]
[Date "2013.03.17"]
[Round "9"]
[White "Sosa Florez, Luis Felipe"]
[Black "Vanegas, Ricardo"]
[Result "0-1"]
[WhiteElo "1741"]
[BlackElo "1989"]
[PlyCount "66"]
[EventDate "2013.03.13"]
[EventType "swiss"]
[EventRounds "9"]
[EventCountry "COL"]
[SourceTitle "CBM 153 Extra"]
[Source "ChessBase"]
[SourceDate "2013.04.22"]
[SourceVersion "1"]
[SourceVersionDate "2013.04.22"]
[SourceQuality "1"]

1. d4 d5 2. Nf3 e6 3. c4 c6 4. e3 Nf6 5. Nc3 Bd6 6. Bd3 Nbd7 7. 0-0 0-0 8. a3 e5 9. dxe5 Nxe5 10. Nxe5 Bxe5 11. Qc2 dxc4 12. Bxc4 Bxh2+ 13. Kxh2 Ng4+ 14. Kg3 Qg5 15. f4 Qh5 16. Bd2 Qh2+ 17. Kf3 Qh4 18. Be1 Nh2+ 19. Ke2 Bg4+ 20. Kd2 Nxf1+ 21. Bxf1 Qh1 22. Bf2 Rad8+ 23. Ke1 Rd7 24. Rc1 Rfd8 25. b4 h5 26. a4 b5 27. axb5 cxb5 28. Ne2 h4 29. Nd4 h3 30. gxh3 Bxh3 31. Ke2 Bg4+ 32. Ke1 Re8 33. Kd2 Qh2 0-1

[Event "COL-ch Amateur"]
[Site "San Andres Islas"]
[Date "2013.03.15"]
[Round "5"]
[White "Sosa Florez, Luis Felipe"]
[Black "Guarin, Daniela"]
[Result "1/2-1/2"]
[WhiteElo "1741"]
[BlackElo "1979"]
[PlyCount "43"]
[EventDate "2013.03.13"]
[EventType "swiss"]
[EventRounds "9"]
[EventCountry "COL"]
[SourceTitle "CBM 153 Extra"]
[Source "ChessBase"]
[SourceDate "2013.04.22"]
[SourceVersion "1"]
[SourceVersionDate "2013.04.22"]
[SourceQuality "1"]

1. d4 d5 2. Nf3 Nf6 3. c4 c6 4. Nc3 e6 5. Bg5 Be7 6. e3 0-0 7. Bd3 dxc4 8. Bxc4 Nd5 9. Bxe7 Qxe7 10. a3 Nd7 11. 0-0 Rb8 12. e4 Nf4 13. Qd2 Ng6 14. Rfe1 Nb6 15. Bb3 e5 16. Nxe5 Nxe5 17. dxe5 Qxe5 18. Qe3 Be6 19. Bxe6 Qxe6 20. b4 Ra8 21. Ne2 Nc4 22. Nd4 1/2-1/2